Gastrosektor a donáškové služby v čase pandémie

Princíp fungovania donáškových služieb, ich výhody pre všetky zúčastnené strany a predpokladaný vývoj v oblasti donáškových služieb v budúcom období.

Salvato in:
Dettagli Bibliografici
Autore principale: Petrovčiková, Katarína, 1977-
Altri autori: Lieskovská, Vanda, 1961-
Natura: Capitolo di libro
Lingua:slovacco
Soggetti:
Tags: Aggiungi Tag
Nessun Tag, puoi essere il primo ad aggiungerne!!

MARC

LEADER 00000naa$a2200000$$$4500
001 0280949
005 20240502074349.4
041 0 |a slo 
044 |a SK 
245 1 0 |a Gastrosektor a donáškové služby v čase pandémie  |c Katarína Petrovčiková, Vanda Lieskovská 
520 |a Princíp fungovania donáškových služieb, ich výhody pre všetky zúčastnené strany a predpokladaný vývoj v oblasti donáškových služieb v budúcom období. 
610 2 0 |a služby donáškové 
610 2 0 |a koronavírus 
610 2 0 |a pandémia 
610 2 0 |a gastronómia 
100 1 |a Petrovčiková, Katarína, 1977- 
700 1 |a Lieskovská, Vanda, 1961-